<?xml version="1.0" encoding="UTF-8"?>
<marc:record xmlns:marc="http://www.loc.gov/MARC21/slim">
   <marc:leader>00000nam a2200000 a 4500</marc:leader>
   <marc:datafield ind1="1" ind2=" " tag="100">
      <marc:subfield code="a">Byng, Georgia</marc:subfield>
      <marc:subfield code="4">aut</marc:subfield>
      <marc:subfield code="e">Verfasser/-in</marc:subfield>
   </marc:datafield>
   <marc:datafield ind1="1" ind2=" " tag="100">
      <marc:subfield code="a">Ströle, Wolfram</marc:subfield>
      <marc:subfield code="4">trl</marc:subfield>
      <marc:subfield code="e">Übersetzer/-in</marc:subfield>
   </marc:datafield>
   <marc:datafield ind1="1" ind2=" " tag="100">
      <marc:subfield code="a">Byng, Georgia</marc:subfield>
   </marc:datafield>
   <marc:datafield ind1=" " ind2=" " tag="653">
      <marc:subfield code="a">Waisenkind</marc:subfield>
   </marc:datafield>
   <marc:datafield ind1=" " ind2=" " tag="653">
      <marc:subfield code="a">Mädchen</marc:subfield>
   </marc:datafield>
   <marc:datafield ind1=" " ind2=" " tag="653">
      <marc:subfield code="a">Außersinnliche Wahrnehmung</marc:subfield>
   </marc:datafield>
   <marc:datafield ind1=" " ind2=" " tag="653">
      <marc:subfield code="a">Jugendbuch</marc:subfield>
   </marc:datafield>
   <marc:datafield ind1="0" ind2="0" tag="245">
      <marc:subfield code="a">Molly Moon</marc:subfield>
   </marc:datafield>
   <marc:datafield ind1="0" ind2="0" tag="245">
      <marc:subfield code="c">Georgia Byng. Aus dem Engl. von Wolfram Ströle</marc:subfield>
   </marc:datafield>
   <marc:datafield ind1=" " ind2="1" tag="264">
      <marc:subfield code="a">München</marc:subfield>
      <marc:subfield code="b">Dt. Taschenbuch-Verl.</marc:subfield>
      <marc:subfield code="c">2009</marc:subfield>
   </marc:datafield>
   <marc:datafield ind1="1" ind2=" " tag="490">
      <marc:subfield code="a">dtv</marc:subfield>
      <marc:subfield code="v">62423 : Reihe Hanser</marc:subfield>
   </marc:datafield>
   <marc:datafield ind1=" " ind2=" " tag="250">
      <marc:subfield code="a">Jubiläums-Ausg.</marc:subfield>
   </marc:datafield>
   <marc:datafield ind1="1" ind2=" " tag="520">
      <marc:subfield code="a">Angaben aus der Verlagsmeldung

Molly Moon / von Georgia Byng

Molly fristet ein freudloses Dasein im Waisenhaus von Hardwick – kein Lichtblick weit und breit. Doch auf die nichtsahnende Molly wartet ein großes Abenteuer. Eines Tages entdeckt sie in der Bibliothek ein uraltes Buch über Hypnose. Es dauert nicht lange, da erliegt Mrs. Adderstones übellauniger Mops Petula Mollys magischer Stimme und ihren glühenden Augen. Die beiden werden die besten Freunde.

Und das ist erst der Anfang. Es geschehen erstaunliche Dinge im Waisenhaus: Die dicke Köchin Edna zaubert plötzlich italienische Köstlichkeiten auf den Tisch und die garstige Mrs. Adderstone trieft vor Fürsorge und Freundlichkeit.

Zu guter Letzt gewinnt Molly auch noch den Talentwettbewerb im Ort und reißt das Publikum vor Begeisterung aus den Sitzen. Das ist ihre Chance, das Waisenhaus endlich hinter sich zu lassen! Wohin? Nach New York! Denn dort soll ihr alter Freund Rocky leben.

Kaum angekommen, ist Molly von der Stadt so überwältigt, dass sie Rocky erst mal völlig vergisst. Mitsamt ihren magischen Fähigkeiten stürzt sie sich ins Großstadtabenteuer und wird nach kurzer Zeit zum neuen Musicalstar am Broadway. Molly scheint am Ziel ihrer Wünsche, wäre da nicht der schmierige Professor Nockman. Er ist schon lange hinter dem Hypnosebuch her und Molly bereits dicht auf den Fersen. Als es richtig brenzlig wird, erhält Molly ungeahnte Hilfe …
</marc:subfield>
   </marc:datafield>
   <marc:datafield ind1=" " ind2=" " tag="020">
      <marc:subfield code="a">9783423624237</marc:subfield>
      <marc:subfield code="9">9783423624237</marc:subfield>
   </marc:datafield>
   <marc:datafield ind1=" " ind2=" " tag="041">
      <marc:subfield code="a">ger</marc:subfield>
   </marc:datafield>
   <marc:datafield ind1=" " ind2=" " tag="300">
      <marc:subfield code="a">362 S.</marc:subfield>
   </marc:datafield>
</marc:record>
